000 00347nam a2200133Ia 4500
008 240624s9999 xx 000 0 und d
041 _aeng
082 _a658.407124 BAL
100 _aBALDWIN TIMOTHY T
245 _aDEVELOPING MANAGEMENT SKILLS
260 _c2012
_aNew Delhi
_bTata McGraw-Hill
300 _a409 : p. : cm. ; 28
365 _cRS
_b33
999 _c26090
_d26090